TEXTBOOK OF FIELD CROPS (Record no. 5427)

MARC details
000 -LEADER
fixed length control field 00350nam a22001457a 4500
005 - DATE AND TIME OF LATEST TRANSACTION
control field 20170406103326.0
008 - FIXED-LENGTH DATA ELEMENTS--GENERAL INFORMATION
fixed length control field 170406b xxu||||| |||| 00| 0 eng d
020 ## - INTERNATIONAL STANDARD BOOK NUMBER
ISBN 978-81-203-5056-4
041 ## - LANGUAGE CODE
Language code of text/sound track or separate title eng
100 ## - MAIN ENTRY--AUTHOR NAME
Personal name JOSHI, MUKUND
245 ## - TITLE STATEMENT
Title TEXTBOOK OF FIELD CROPS
260 ## - PUBLICATION, DISTRIBUTION, ETC. (IMPRINT)
Place of publication DELHI
Name of publisher PHI LEARNING PVT
Year of publication 2015
300 ## - PHYSICAL DESCRIPTION
Number of Pages 544
942 ## - ADDED ENTRY ELEMENTS (KOHA)
Koha item type Books
Holdings
Lost status Damaged status Collection code Home library Current library Shelving location Date acquired Source of acquisition Cost, normal purchase price Full call number Accession Number Koha item type
Lost   AGRICULTURE JRU Library JRU Library SHELF-14-A 06/04/2017 PURCHESS 595.00 633 21715 Books
    AGRICULTURE JRU Library JRU Library SHELF-44-C 06/04/2017 PURCHESS 595.00 633 21716 Books
    Reference JRU Library JRU Library SHELF-2-D 06/04/2017 PURCHESS 595.00 633 21717 Books
    AGRICULTURE JRU Library JRU Library SHELF-44-C 06/04/2017 PURCHESS 595.00 633 21718 Books
    AGRICULTURE JRU Library JRU Library SHELF-44-C 06/04/2017 PURCHESS 595.00 633 21719 Books